LEADER 02937oam 2200709I 450 001 9910459009603321 005 20191030193400.0 010 $a1-136-84133-4 010 $a1-283-04134-0 010 $a9786613041340 010 $a1-136-84134-2 010 $a0-203-83316-3 024 7 $a10.4324/9780203833162 035 $a(CKB)2560000000061639 035 $a(EBL)668423 035 $a(OCoLC)707068748 035 $a(SSID)ssj0000468401 035 $a(PQKBManifestationID)12173929 035 $a(PQKBTitleCode)TC0000468401 035 $a(PQKBWorkID)10506870 035 $a(PQKB)10251137 035 $a(MiAaPQ)EBC668423 035 $a(Au-PeEL)EBL668423 035 $a(CaPaEBR)ebr10452641 035 $a(CaONFJC)MIL304134 035 $a(OCoLC)713551762 035 $a(EXLCZ)992560000000061639 100 $a20180706d2011 uy 0 101 0 $aeng 135 $aur|n|---||||| 181 $ctxt 182 $cc 183 $acr 200 10$aDeveloping emotional intelligence in the primary school /$fSue Colverd and Bernard Hodgkin 210 1$aLondon ;$aNew York :$cRoutledge,$d2011. 215 $a1 online resource (173 p.) 300 $aDescription based upon print version of record. 311 $a0-415-56946-X 311 $a0-415-56943-5 320 $aIncludes bibliographical references and index. 327 $a1. The secure base : attachment to learning -- 2. Emotional intelligence -- 3. Teaching vulnerable children -- 4. Experiential drama -- 5. Positional drama -- 6. Exploring games : learning in motion -- 7. Emotional learning in class delivery -- 8. Strategies for behaviour. 330 $aDo you want to promote sociability and positive behaviour in your classroom?Is having an 'emotionally intelligent classroom' one of your teaching goals?Are you looking for ways to teach the curriculum more 'creatively'?Developing Emotional Intelligence in the Primary School is an essential text for supporting children's emotional preparation for learning in the long term, fostering the development both of self belief and permanent and crucial resilience.This book allows teachers to review their practice and approach to teaching and to re-as 606 $aBehavior modification$zGreat Britain 606 $aEmotional intelligence$zGreat Britain 606 $aChild psychology$zGreat Britain 606 $aEducation, Elementary$zGreat Britain 608 $aElectronic books. 615 0$aBehavior modification 615 0$aEmotional intelligence 615 0$aChild psychology 615 0$aEducation, Elementary 676 $a370.15/34 676 $a372.0114 700 $aColverd$b Sue.$0907873 701 $aHodgkin$b Bernard$0907874 801 0$bMiAaPQ 801 1$bMiAaPQ 801 2$bMiAaPQ 906 $aBOOK 912 $a9910459009603321 996 $aDeveloping emotional intelligence in the primary school$92030746 997 $aUNINA LEADER 02850nam 2200721 450 001 996197526603316 005 20230125205152.0 010 $a1-283-54280-3 010 $a9786613855251 010 $a0-470-82822-6 010 $a0-470-82821-8 024 7 $a10.1002/9780470828229 035 $a(CKB)2550000000105201 035 $a(EBL)965704 035 $a(SSID)ssj0000689293 035 $a(PQKBManifestationID)11427044 035 $a(PQKBTitleCode)TC0000689293 035 $a(PQKBWorkID)10614171 035 $a(PQKB)10159076 035 $a(DLC) 2012030600 035 $a(CaBNVSL)mat06305386 035 $a(IDAMS)0b000064818fe4d4 035 $a(IEEE)6305386 035 $a(Au-PeEL)EBL965704 035 $a(CaPaEBR)ebr10580161 035 $a(CaONFJC)MIL385525 035 $a(OCoLC)809247087 035 $a(CaSebORM)9780470828236 035 $a(MiAaPQ)EBC965704 035 $a(EXLCZ)992550000000105201 100 $a20151222d2012 uy 101 0 $aeng 135 $aur|n|---||||| 181 $ctxt 182 $cc 183 $acr 200 10$aFrequency-domain analysis and design of distributed control systems /$fYu-Ping Tian 205 $a1st edition 210 1$a[S.l.] :$cIEEE Press,$d2012. 210 2$a[Piscataqay, New Jersey] :$cIEEE Xplore,$d[2012] 215 $a1 online resource (287 p.) 300 $aDescription based upon print version of record. 311 $a0-470-82823-4 311 $a0-470-82820-X 320 $aIncludes bibliographical references and index. 327 $aFrequency-Domain Analysis and Design of Distributed Control Systems; Contents; Preface; Glossary of Symbols; 1 Introduction; 1.1 Network-Based Distributed Control System; 1.2 Graph Theory and Interconnection Topology; 1.2.1 Basic Definitions; 1.2.2 Graph Operations; 1.2.3 Algebraic Graph Theory; 1.3 Distributed Control Systems; 1.3.1 End-to-End Congestion Control Systems; 1.3.2 Consensus-Based Formation Control; 1.4 Notes and References; 1.4.1 Graph Theory and Distributed Control Systems; 1.4.2 Delay in Control and Control by Delay; References; 2 Symmetry, Stability and Scalability. 330 $a"This book presents a unified frequency-domain method for the analysis of distributed control systems"--$cProvided by publisher. 606 $aDistributed parameter systems 606 $aTime-domain analysis 606 $aFrequency curves 615 0$aDistributed parameter systems. 615 0$aTime-domain analysis. 615 0$aFrequency curves. 676 $a003/.5 686 $aSCI064000$2bisacsh 700 $aTian$b Yu-Ping$0845451 801 0$bCaBNVSL 801 1$bCaBNVSL 801 2$bCaBNVSL 906 $aBOOK 912 $a996197526603316 996 $aFrequency-domain analysis and design of distributed control systems$91887082 997 $aUNISA